Traité d'anatomie pathologique generale et spéciale et pathogénie / (Record no. 125572)

MARC details
000 -LEADER
campo de control de longitud fija 00678nam a2200205 i 4500
001 - NÚMERO DE CONTROL
campo de control 125572
003 - IDENTIFICADOR DE NÚMERO DE CONTROL
campo de control ES-MaACL
005 - FECHA Y HORA DE LA ÚLTIMA TRANSACCIÓN
campo de control 20230906192646.0
007 - CAMPO FIJO DE DESCRIPCIÓN FÍSICA--INFORMACIÓN GENERAL
campo de control de longitud fija t|
008 - DATOS DE LONGITUD FIJA--INFORMACIÓN GENERAL
campo de control de longitud fija 070619s1910 be ||||1| fre d
100 1# - ENTRADA PRINCIPAL--NOMBRE DE PERSONA
Nombre de persona Ziegler, Ernst.
9 (RLIN) 118233
245 10 - MENCIÓN DEL TÍTULO
Título Traité d'anatomie pathologique generale et spéciale et pathogénie /
Mención de responsabilidad, etc. par E. Ziegler; traduit par G. Augier, E. van Ermengem.
250 ## - MENCION DE EDICION
Mención de edición 2e ed. française.
260 ## - PUBLICACIÓN, DISTRIBUCIÓN, ETC.
Lugar de publicación, distribución, etc. Bruxelles :
Nombre del editor, distribuidor, etc. [s.n.],
Fecha de publicación, distribución, etc. 1910 (
Lugar de fabricación/manufactura Louvain :
Fabricante E. Charpentier)
300 ## - DESCRIPCIÓN FÍSICA
Extensión 2 v. ;
Dimensiones 26 cm.
650 14 - PUNTO DE ACCESO ADICIONAL DE MATERIA--TÉRMINO DE MATERIA
Término de materia o nombre geográfico como elemento de entrada Anatomía patológica.
9 (RLIN) 9806
700 1# - ENTRADA AGREGADA--NOMBRE PERSONAL
Nombre de persona Augier, G.
9 (RLIN) 23891
700 1# - ENTRADA AGREGADA--NOMBRE PERSONAL
Nombre de persona Ermengen, E. van.
9 (RLIN) 47412
852 ## - LOCALIZACIÓN
Ubicación ES-MaACL
Número de control de estantería B-11477-78
Holdings
Estatus retirado Estado de pérdida Estado de daño No para préstamo Biblioteca de origen Biblioteca actual Ubicación en estantería Fecha de adquisición Fuente de adquisición Total de préstamos Signatura topográfica completa Código de barras Visto por última vez Precio de reemplazo Tipo de ítem Koha
        Biblioteca del Ateneo de Madrid Biblioteca del Ateneo de Madrid Sala Pardo Bazán 17/01/2008     B-11477-78 1130811 23/02/2023 23/02/2023 Libro impreso